| 000 | 01580nem0a2200373 4500 | ||
|---|---|---|---|
| 001 | RU\NLR\BIBL_A\012428478 | ||
| 005 | 20210531140312.0 | ||
| 010 |
_a978-5-00132-145-3 _d8000 экз. |
||
| 021 |
_aRU _bКН-П-20-034085 _9КН-П-20-2606 |
||
| 021 |
_aRU _bКН-П-23-046117 _9КН-П-23-4612 |
||
| 021 |
_aRU _bКН-П-21-094431 _9КН-П-21-7545 |
||
| 035 | _a(NLR Aleph) 012428478 | ||
| 035 | _a(RuMoRGB)010357912 | ||
| 090 |
_a11862647 _c11862647 |
||
| 100 | _a20201228d2020 u y0rusy50 ca | ||
| 101 | 0 | _arus | |
| 102 | _aRU | ||
| 120 | _abya xx|| | ||
| 123 | 0 | _aa | |
| 200 | 1 |
_aСтраны и флаги _bКарты _eмногоразовые наклейки : [для детей младшего школьного возраста : 6+] _f[текст: Н. Преображенская, В. Шехтман] |
|
| 206 | _aБ. м-ба | ||
| 210 |
_aМосква _cООО "ВАКОША" _d2020 |
||
| 215 |
_a1 атл.([14] с., [2] л. цв. наклеек) _cцв. ил. _d33х24 см |
||
| 225 | 2 | _aМоя первая энциклопедия с наклейками | |
| 509 | 0 | 1 |
_7ca _aМир _92633185 _3RU\NLR\auth_crt\551 |
| 606 | 1 |
_aДетская литература _2rubbk |
|
| 607 |
_aСтраны мира _jАтласы для детей _92178478 _3RU\NLR\AUTH\661310190 |
||
| 608 |
_aИллюстрированные атласы _92313621 _3RU\NLR\AUTH\6601609963 |
||
| 686 |
_aШ9:Д18(0)1А(2) _2rubbk |
||
| 702 | 1 |
_aШехтман _bВ. _4340 |
|
| 852 |
_aNLR _bК _j4-Мир 7/4845 _m90497 |
||
| 942 | _cMAP | ||
| 980 | _aNB | ||